Law and sustainable development since Rio : (Record no. 11591)

000 -LEADER
fixed length control field 00670cam a2200181 a 4500
020 ## - INTERNATIONAL STANDARD BOOK NUMBER
ISBN 925104788X
040 ## - CATALOGING SOURCE
Transcribing agency DJB
082 00 - DEWEY DECIMAL CLASSIFICATION NUMBER
Classification number 346 FOO 2002 A015 Or.
245 00 - TITLE STATEMENT
Title Law and sustainable development since Rio :
Remainder of title legal trends in agriculture and natural resource management /
246 30 - VARYING FORM OF TITLE
Title proper/short title Legal trends in agriculture and natural resource management
260 ## - PUBLICATION, DISTRIBUTION, ETC. (IMPRINT)
Place of publication Rome :
Name of publisher Food and Agriculture Organization of the United Nations,
Year of publication 2002.
300 ## - PHYSICAL DESCRIPTION
Number of Pages v, 376 p. ;
Dimensions 23 cm.
650 #0 - SUBJECT ADDED ENTRY--TOPICAL TERM
Topical Term Sustainable development
650 #0 - SUBJECT ADDED ENTRY--TOPICAL TERM
Topical Term Economic development
650 #0 - SUBJECT ADDED ENTRY--TOPICAL TERM
Topical Term Environmental policy.
710 2# - ADDED ENTRY--CORPORATE NAME
Corporate name or jurisdiction name as entry element Food and Agriculture Organization of the United Nations.
942 ## - ADDED ENTRY ELEMENTS (KOHA)
Koha item type សៀវភៅភាសាអង់គ្លេស
952 ## - LOCATION AND ITEM INFORMATION (KOHA)
Withdrawn status [LOCAL, KOHA] 0
Holdings
Permanent Location Date acquired Koha item type Lost status Shelving location Barcode Current Location Full call number
Library Block A2017-08-03សៀវភៅភាសាអង់គ្លេស A015RUA055812Library Block A346 FOO 2002 A015 Or.
មជ្ឈមណ្ឌលឯការនៃសាកលវិទ្យាល័យភូមិន្ទកសិកម្មចំការដូង

Powered by Koha